[Event "2011 SC Site Championship, Semifinal - Group II"]
[Site "SchemingMind.com"]
[Date "2011.09.20"]
[Round "-"]
[White "MARISCAL"]
[Black "PawnPusherPete"]
[Result "1-0"]
[WhiteCountry "ESP"]
[BlackCountry "ENG"]
[WhiteElo "2318"]
[WhiteRD "74"]
[BlackElo "2273"]
[BlackRD "81"]
[GameID "293411"]

1. e4 c5 2. c3 Nf6 3. e5 Nd5 4. d4 cxd4 5. Nf3 g6 6. cxd4 Bg7 7. Qb3 Nb6 8. a4 a5 9. d5 d6 10. Bb5+ Kf8
11. e6 fxe6 12. dxe6 Na6 13. Ng5 Bf6 14. Nf7 Qc7 15. O-O Nc5 16. Qf3 Kg8 17. Nxh8 Kxh8 18. Bg5 Bg7 19. Nc3 Bxe6 20. Rfe1 Rf8
21. Qg3 Bd4 22. Re2 Rf5 23. Rc1 Nc8 24. Qh4 Bg7 25. Ne4 Bf7 26. g4 Re5 27. Bh6 Kg8 28. Bxg7 Kxg7 29. Ng5 Bg8 30. Rc3 Rxe2
31. Bxe2 e6 32. Ne4 Bf7 33. Nf6 h6 34. Rh3
1-0

[Event "2011 SC Site Championship, Semifinal - Group II"]
[Site "SchemingMind.com"]
[Date "2011.09.21"]
[Round "-"]
[White "PawnPusherPete"]
[Black "MARISCAL"]
[Result "1/2-1/2"]
[WhiteCountry "ENG"]
[BlackCountry "ESP"]
[WhiteElo "2273"]
[WhiteRD "81"]
[BlackElo "2318"]
[BlackRD "74"]
[GameID "293412"]

1. e4 e6 2. d4 d5 3. Nc3 Bb4 4. e5 c5 5. a3 Bxc3+ 6. bxc3 Ne7 7. Qg4 Qc7 8. Qxg7 Rg8 9. Qxh7 cxd4 10. Ne2 Nbc6
11. f4 Bd7 12. Qd3 dxc3 13. Qxc3 O-O-O 14. Ng3 Nf5 15. Nxf5 exf5 16. Rb1 d4 17. Qd3 Be6 18. Kf2 Nb8 19. Bb2 f6 20. Bxd4 Nc6
21. c3 fxe5 22. fxe5 Rg4 23. Be2 Rf4+ 24. Bf3 Nxd4 25. cxd4 Rdxd4 26. Qe2 Rde4 27. Qb5 Qc2+ 28. Kg1 b6 29. Qa6+ Kd8 30. Qf1 Qc5+
31. Qf2 Re3 32. h4 Rc4 33. Rd1+ Kc7 34. Kh2 Qxe5+ 35. Kg1 Rcc3 36. Qd2 Red3 37. Qxd3 Rxd3 38. Rxd3 Qe1+ 39. Kh2 Qxh4+ 40. Kg1 Qe1+
41. Kh2 Qe5+ 42. Kg1 Qc5+ 43. Kf1 b5 44. Rh7+ Kb6 45. Be2 a6 46. Rh4 Ka5 47. g3 Bd5 48. Rf4 Be4 49. Rb3 Qd4 50. Rh4 Kb6
51. Rf4 Qc5 52. Rh4 Kc7=
1/2-1/2

[Event "2011 SC Site Championship, Semifinal - Group II"]
[Site "SchemingMind.com"]
[Date "2011.09.25"]
[Round "-"]
[White "BishopVesey"]
[Black "MARISCAL"]
[Result "1/2-1/2"]
[WhiteCountry "ENG"]
[BlackCountry "ESP"]
[WhiteElo "2407"]
[WhiteRD "82"]
[BlackElo "2318"]
[BlackRD "74"]
[GameID "293439"]

1. d4 Nf6 2. c4 g6 3. g3 Bg7 4. Bg2 O-O 5. Nc3 d6 6. Nf3 Nbd7 7. O-O e5 8. dxe5 dxe5 9. Qb3 c6 10. Rd1 Qc7
11. Be3 Ng4 12. Ne4 Nxe3 13. Qxe3 f5 14. Nd6 e4 15. Ng5 Nb6 16. Qb3 Kh8 17. a4 h6 18. Nh3 g5 19. a5 Nd7 20. f4 exf3
21. exf3 f4 22. gxf4 gxf4 23. Kh1 Be5 24. Qa3 c5 25. Nb5 Qc6 26. Nf2 a6 27. Nc3 b5 28. Qb3 Qe6 29. Bh3 Qf7 30. Nce4 bxc4
31. Qc2 Nf6 32. Bxc8 Raxc8 33. Nd6 Qh5 34. Ng4 Nxg4 35. fxg4 Qxg4 36. Qe4 Bxd6 37. Rxd6 Qf5 38. Qxf5 Rxf5 39. Rxh6+ Kg7=
1/2-1/2

[Event "2011 SC Site Championship, Semifinal - Group II"]
[Site "SchemingMind.com"]
[Date "2011.09.25"]
[Round "-"]
[White "BishopVesey"]
[Black "PawnPusherPete"]
[Result "1/2-1/2"]
[WhiteCountry "ENG"]
[BlackCountry "ENG"]
[WhiteElo "2407"]
[WhiteRD "82"]
[BlackElo "2273"]
[BlackRD "81"]
[GameID "293440"]

1. d4 Nf6 2. c4 g6 3. Nc3 d5 4. Nf3 Bg7 5. Qb3 dxc4 6. Qxc4 O-O 7. e4 a6 8. Qa4 Nc6 9. Be2 Bg4 10. Be3 b5
11. Qd1 Bxf3 12. Bxf3 e5 13. d5 Nd4 14. O-O Re8 15. Rc1 Qd7 16. g3 Rac8 17. Bg2 c5 18. f3 Rc7 19. Ne2 Rec8 20. a4 Ne8
21. f4 Nd6 22. fxe5 Nxe2+ 23. Qxe2 Bxe5 24. axb5 axb5 25. Rc2 b4 26. Bf4 Qe7 27. Qd2 b3 28. Bxe5 Qxe5 29. Qc3 Re8 30. Qxb3 Qd4+
31. Rcf2 Nxe4 32. Bxe4 Qxe4 33. Qb5 Rec8 34. Rd2=
1/2-1/2

[Event "2011 SC Site Championship, Semifinal - Group II"]
[Site "SchemingMind.com"]
[Date "2011.09.25"]
[Round "-"]
[White "MARISCAL"]
[Black "BishopVesey"]
[Result "1-0"]
[WhiteCountry "ESP"]
[BlackCountry "ENG"]
[WhiteElo "2318"]
[WhiteRD "74"]
[BlackElo "2407"]
[BlackRD "82"]
[GameID "293441"]

1. e4 b6 2. d4 Bb7 3. Bd3 Nf6 4. Qe2 e6 5. f4 Nc6 6. c3 g6 7. Nf3 Bg7 8. O-O O-O 9. a4 Bh6 10. Na3 Na5
11. f5 Bxc1 12. Raxc1 exf5 13. exf5 Qe8 14. fxg6 fxg6 15. Nb5 Qxe2 16. Bxe2 Nd5 17. b4 Nf4 18. Rce1 Nc4 19. Bxc4+ Bd5 20. Bxd5+ Nxd5
21. c4 Nxb4 22. Re7 Rad8 23. Ne5 Rxf1+ 24. Kxf1 Nc6 25. Rxd7 Rxd7 26. Nxd7 Kf7 27. Ke2 Ke7 28. Ne5 Nxe5 29. dxe5 Ke6 30. Nxc7+ Kxe5
31. Kd3
1-0

[Event "2011 SC Site Championship, Semifinal - Group II"]
[Site "SchemingMind.com"]
[Date "2011.09.25"]
[Round "-"]
[White "PawnPusherPete"]
[Black "BishopVesey"]
[Result "1/2-1/2"]
[WhiteCountry "ENG"]
[BlackCountry "ENG"]
[WhiteElo "2294"]
[WhiteRD "79"]
[BlackElo "2429"]
[BlackRD "74"]
[GameID "293442"]

1. e4 b6 2. d4 Bb7 3. Be3 Bxe4 4. Nc3 Bb7 5. Nf3 e6 6. a3 Nf6 7. Bd3 Be7 8. Qe2 c5 9. O-O-O O-O 10. Ne5 d6
11. dxc5 bxc5 12. Bxc5 Bd5 13. Nxf7 Rxf7 14. Nxd5 exd5 15. Be3 Qd7 16. Bb5 Nc6 17. Rd3 d4 18. Bxd4 Nxd4 19. Rxd4 Qb7 20. Bc4 d5
21. Bb3 Rb8 22. Rhd1 Kh8 23. Kb1 Bc5 24. Rf4 Rff8 25. Qf3 Qb6 26. h4 a5 27. a4 Bd6 28. Rf5 Qb4 29. Qh3 Ne4 30. Rxf8+ Rxf8
31. Qe6 Nxf2 32. Rxd5 Ne4 33. Rd1 Nd2+ 34. Ka2 Bg3 35. h5 Nxb3 36. cxb3 h6 37. Rd5 Bh4 38. g4 Qe1 39. Re5 Qd2 40. Re2 Qd1
41. Qe4 Bg3 42. Qe6 Bd6 43. Re1 Qd2 44. Re2 Qd3 45. Re3 Qd4 46. Re4 Qf6 47. Qd5 Bb4 48. Qd7 Qd8 49. Qb5 Kh7 50. Qc4 Qd2
51. Re2 Qd1 52. g5 hxg5 53. Qe4+ Kh8 54. h6 Qd6 55. hxg7+ Kxg7 56. Rg2 Qf4 57. Qxf4 Rxf4 58. Rxg5+ Kf6 59. Rb5 Rh4 60. Kb1 Rh3
61. Ka2 Rh4 62. Kb1 Rh1+ 63. Ka2 Rh3 64. Rd5 Rh2 65. Kb1 Ke6 66. Rb5 Rd2 67. Rh5 Rd5 68. Rh6+ Ke5 69. Rh4 Rd4 70. Rh3 Kf4=
1/2-1/2

[Event "2011 SC Site Championship, Semifinal - Group II"]
[Site "SchemingMind.com"]
[Date "2011.09.20"]
[Round "-"]
[White "sibelius"]
[Black "MARISCAL"]
[Result "1/2-1/2"]
[WhiteCountry "USA"]
[BlackCountry "ESP"]
[WhiteElo "2364"]
[WhiteRD "73"]
[BlackElo "2318"]
[BlackRD "74"]
[GameID "293443"]

1. e4 e6 2. d4 d5 3. Nc3 Bb4 4. e5 c5 5. Bd2 Ne7 6. Nb5 Bxd2+ 7. Qxd2 O-O 8. dxc5 Nd7 9. Qc3 a6 10. Nd6 Qc7
11. Nf3 Qxc5 12. Qxc5 Nxc5 13. c4 dxc4 14. Bxc4 b5 15. Be2 Nb7 16. Ne4 Bd7 17. Rc1 Bc6 18. Nf6+ Kh8 19. Ng4 Rac8 20. O-O Ng6
21. Rfd1 Nf4 22. Kf1 Nc5 23. g3 Nxe2 24. Kxe2 Na4 25. b3 h5 26. bxa4 hxg4 27. Ng5 bxa4 28. Rd4 a3 29. Kd2 Bd5 30. Rxc8 Rxc8
31. Ra4 f6 32. Ne4 fxe5 33. Nc3 Bc4 34. Nd1 Rd8+ 35. Ke1 Bxa2 36. Rxa3 Bc4 37. Ne3 Bb5 38. Nxg4 e4 39. Re3 Rd4 40. h4 a5
41. Rb3 Rd5 42. Rc3 a4 43. Rc8+ Kh7 44. Ra8 Kg6 45. Ra7 Rd6 46. Ne5+ Kf5 47. Rxg7 Kxe5 48. Rg5+ Kd4 49. Rxb5 Ra6 50. Kd2 a3
51. Rb1 a2 52. Ra1 Kc4 53. g4 Kb3 54. g5 Kb2 55. Rxa2+ Rxa2 56. Ke3 Ra1=
1/2-1/2

[Event "2011 SC Site Championship, Semifinal - Group II"]
[Site "SchemingMind.com"]
[Date "2011.09.25"]
[Round "-"]
[White "sibelius"]
[Black "BishopVesey"]
[Result "1/2-1/2"]
[WhiteCountry "USA"]
[BlackCountry "ENG"]
[WhiteElo "2370"]
[WhiteRD "78"]
[BlackElo "2409"]
[BlackRD "92"]
[GameID "293444"]

1. e4 b6 2. d4 Bb7 3. Nc3 e6 4. Bd3 Nf6 5. Nf3 c5 6. O-O cxd4 7. Nxd4 d6 8. Bg5 a6 9. Qe2 Be7 10. e5 dxe5
11. Qxe5 Nbd7 12. Qe3 Nc5 13. Be2 O-O 14. Rfe1 b5 15. a3 h6 16. Bf4 Bd6 17. Bxd6 Qxd6 18. Rad1 Qc7 19. Bf3 Rac8 20. Rd2 Ncd7
21. Bxb7 Qxb7 22. Nf3 Nb6 23. Ne5 Qc7 24. Rd3 Rfd8 25. Rxd8+ Rxd8 26. h3 Rd6 27. Qe2 Nfd5 28. Nxd5 Rxd5 29. g3 Nd7 30. Nxd7 Qxd7
31. Kg2 Rd2=
1/2-1/2

[Event "2011 SC Site Championship, Semifinal - Group II"]
[Site "SchemingMind.com"]
[Date "2011.09.20"]
[Round "-"]
[White "sibelius"]
[Black "PawnPusherPete"]
[Result "0-1"]
[WhiteCountry "USA"]
[BlackCountry "ENG"]
[WhiteElo "2364"]
[WhiteRD "73"]
[BlackElo "2273"]
[BlackRD "81"]
[GameID "293445"]

1. e4 c5 2. Nc3 a6 3. Nf3 d6 4. d4 cxd4 5. Nxd4 Nf6 6. Be2 e5 7. Nb3 Be7 8. O-O O-O 9. Be3 Be6 10. f4 exf4
11. Rxf4 Nc6 12. Nd4 Nxd4 13. Bxd4 d5 14. Bxf6 Bxf6 15. exd5 Qb6+ 16. Kh1 Bd7 17. Rb1 Rac8 18. Bg4 Bxg4 19. Rxg4 Rfd8 20. Ne4 Be5
21. Ng3 Qf2 22. c3 Bxg3 23. hxg3 Rd6 24. Qd3 Rh6+ 25. Rh4 Rxh4+ 26. gxh4 Qxh4+ 27. Kg1 Re8 28. Rf1 Qg5 29. d6 Qc5+ 30. Qd4 Qxd4+
31. cxd4 Rd8 32. Rc1 g6 33. Kf2 Rxd6 34. Ke3 Kg7 35. Rc7 Rb6 36. b3 Rb5 37. g4 h6 38. Kf4 Kf6 39. Ke4 h5 40. gxh5 gxh5
41. Kf3 Kg6 42. Kf4 Rf5+ 43. Ke3 h4 44. Rxb7 h3 45. Rc7 h2 46. Rc1 Ra5 47. a4 Rh5 48. Rh1 Kf5 49. Kf3 a5 50. Kg2 Ke4
51. d5 Kxd5 52. Rd1+ Kc5 53. Kh1 Kb4 54. Rd3 Rc5 55. Kxh2 Rc3 56. Rd5 Rxb3 57. Rd4+ Ka3 58. Kg2 Rb4
0-1

[Event "2011 SC Site Championship, Semifinal - Group II"]
[Site "SchemingMind.com"]
[Date "2011.09.21"]
[Round "-"]
[White "MARISCAL"]
[Black "sibelius"]
[Result "0-1"]
[WhiteCountry "ESP"]
[BlackCountry "USA"]
[WhiteElo "2318"]
[WhiteRD "74"]
[BlackElo "2364"]
[BlackRD "73"]
[GameID "293446"]

1. e4 c5 2. c3 g6 3. d4 cxd4 4. cxd4 d5 5. exd5 Nf6 6. Nc3 Nxd5 7. Qb3 e6 8. Nf3 Nc6 9. Bc4 Na5 10. Bb5+ Bd7
11. Qa4 a6 12. Bxd7+ Qxd7 13. Qxd7+ Kxd7 14. Ne5+ Ke7 15. Nxd5+ exd5 16. Kd1 f6 17. Nd3 Kf7 18. Bd2 Nc6 19. Rc1 Bd6 20. Be3 Rac8
21. Nc5 Bxc5 22. Rxc5 Nb4 23. a3 Rxc5 24. dxc5 Nc6 25. h4 d4 26. Bd2 Ke6 27. h5 g5 28. Rh3 h6 29. Rb3 Rh7 30. g4 Kd5
31. Rf3 Rf7 32. Rf5+ Ke6 33. b4 Ne5 34. f3 Rc7 35. Ke2 Nc6 36. f4 Ne7 37. fxg5 Nxf5 38. gxf5+ Kxf5 39. gxf6 Kxf6 40. Bxh6 Ke5
41. Bd2 Ke4 42. h6 Rh7 43. a4 Rf7 44. b5 axb5 45. axb5 Kd5
0-1

[Event "2011 SC Site Championship, Semifinal - Group II"]
[Site "SchemingMind.com"]
[Date "2011.09.25"]
[Round "-"]
[White "BishopVesey"]
[Black "sibelius"]
[Result "1-0"]
[WhiteCountry "ENG"]
[BlackCountry "USA"]
[WhiteElo "2407"]
[WhiteRD "82"]
[BlackElo "2364"]
[BlackRD "73"]
[GameID "293447"]

1. d4 Nf6 2. c4 e6 3. Nf3 Nc6 4. Nc3 Bb4 5. Qc2 d6 6. Bd2 O-O 7. a3 Bxc3 8. Bxc3 Qe7 9. e3 a5 10. Be2 e5
11. dxe5 dxe5 12. h3 g6 13. Bd3 Rd8 14. O-O Bd7 15. Rfd1 a4 16. Rd2 Bc8 17. Rad1 Re8 18. Re1 Bd7 19. Rdd1 Red8 20. Qe2 Be8
21. Nh2 Bd7 22. Bc2 Bf5 23. Bxf5 gxf5 24. Qf3 Qe6 25. Nf1 Ne4 26. Ng3 Nxg3 27. Qxg3+ Kh8 28. f4 f6 29. Qf3 Rg8 30. Qd5 Rae8
31. Kh1 Rg7 32. Rf1 Rg6 33. e4 Qc8 34. fxe5 Nxe5 35. exf5 Rg7 36. Rde1 Rge7 37. Qb5 Qa8 38. Rf4 c6 39. Qb4 Rd7 40. Rfe4 Kg8
41. Bd4 Qd8 42. Qc3 Kf7 43. Bxe5 fxe5 44. Rxe5 Rxe5 45. Qxe5 Rd1 46. Rxd1 Qxd1+ 47. Kh2 Qd7 48. g4 h6 49. c5 Qd2+ 50. Kg3
1-0

[Event "2011 SC Site Championship, Semifinal - Group II"]
[Site "SchemingMind.com"]
[Date "2011.09.21"]
[Round "-"]
[White "PawnPusherPete"]
[Black "sibelius"]
[Result "0-1"]
[WhiteCountry "ENG"]
[BlackCountry "USA"]
[WhiteElo "2273"]
[WhiteRD "81"]
[BlackElo "2364"]
[BlackRD "73"]
[GameID "293448"]

1. e4 c5 2. Nf3 g6 3. h4 Nf6 4. e5 Ng4 5. d4 Bg7 6. h5 cxd4 7. Qxd4 d6 8. h6 Bxe5 9. Nxe5 Qa5+ 10. Nc3 dxe5
11. Qd5 Qb6 12. Qb5+ Nc6 13. Qxb6 axb6 14. Nd5 Ra5 15. Nxb6 Nb4 16. Bd3 Bf5 17. Bd2 Nxd3+ 18. cxd3 Rb5 19. Nc4 Bxd3 20. Rc1 O-O
21. a4 Rc5 22. Nb6 Rxc1+ 23. Bxc1 e4 24. Bf4 f6 25. f3 g5 26. Bc7 Ne3 27. Kf2 Nf5 28. fxe4 Bxe4 29. b4 Nd4 30. Rd1 e5
31. Bd6 Re8 32. Bc5 Ne6 33. Rd6 Kf7 34. a5 Re7 35. g4 Rc7 36. Nd5 Bxd5 37. Rxd5 Ke8 38. Rd6 Nxc5 39. bxc5 Kf7 40. Rb6 Kg6
41. c6 bxc6 42. a6 Kxh6 43. Rb7 Rc8 44. a7 Ra8 45. Ke3 Kg6 46. Ke4 c5 47. Kd5 h5
0-1

[Event "2011 SC Site Championship, Semifinal - Group II"]
[Site "SchemingMind.com"]
[Date "2011.09.26"]
[Round "-"]
[White "Orange Lion"]
[Black "BishopVesey"]
[Result "0-1"]
[WhiteCountry "NED"]
[BlackCountry "ENG"]
[WhiteElo "2346"]
[WhiteRD "75"]
[BlackElo "2407"]
[BlackRD "82"]
[GameID "293656"]

1. Nf3 c5 2. e4 d6 3. d4 cxd4 4. Nxd4 Nf6 5. Nc3 a6 6. Be3 e5 7. Nb3 Be6 8. f3 h5 9. Qd2 Nbd7 10. a4 Be7
11. Be2 Nb6 12. O-O h4 13. a5 Nc4 14. Bxc4 Bxc4 15. Rfd1 h3 16. g3 Qc8 17. Nc1 d5 18. exd5 O-O 19. Bb6 Bb4 20. N1a2 Bc5+
21. Bxc5 Qxc5+ 22. Qf2 Qxa5 23. b3 Bb5 24. Qe3 Rfd8 25. d6 Rac8 26. Rd2 Rxc3 27. Qxc3 Qb6+ 28. Rf2 Rxd6 29. Qb4 Nd5 30. Qe1 Ne3
31. Nb4 a5 32. c4 Bxc4 33. bxc4 axb4
0-1

[Event "2011 SC Site Championship, Semifinal - Group II"]
[Site "SchemingMind.com"]
[Date "2011.09.24"]
[Round "-"]
[White "MARISCAL"]
[Black "Orange Lion"]
[Result "1/2-1/2"]
[WhiteCountry "ESP"]
[BlackCountry "NED"]
[WhiteElo "2310"]
[WhiteRD "67"]
[BlackElo "2314"]
[BlackRD "71"]
[GameID "293658"]

1. e4 c5 2. c3 d5 3. exd5 Qxd5 4. d4 g6 5. Na3 Bg7 6. Nb5 Na6 7. Be3 Nf6 8. dxc5 O-O 9. Nf3 Bg4 10. h3 Bxf3
11. Qxf3 Qxf3 12. gxf3 Nd5 13. c6 bxc6 14. Nd4 Nc5 15. O-O-O Rfc8 16. Bc4 a5 17. Ne2 Nxe3 18. fxe3 Na4 19. Bb3 Nb6 20. a3 e6
21. e4 c5 22. f4 Rab8 23. h4 Rc7 24. e5 c4 25. Bc2 Bf8 26. h5 Nd5 27. Be4 Rcb7 28. b4 cxb3 29. Kb2 Ne3 30. Bxb7 Nxd1+
31. Rxd1 Rxb7 32. hxg6 fxg6 33. a4 Bc5 34. Rf1 h5 35. Ng3 Rb8 36. Ne4 Be7 37. c4 Rb4 38. Rc1 Kf8 39. Nd6 Bd8 40. Nb5 Ke8
41. Rg1 Kf7 42. c5 Rxa4 43. c6 Rxf4 44. Rd1 Bb6 45. Rd7+ Kf8=
1/2-1/2

[Event "2011 SC Site Championship, Semifinal - Group II"]
[Site "SchemingMind.com"]
[Date "2011.09.24"]
[Round "-"]
[White "sibelius"]
[Black "Orange Lion"]
[Result "1/2-1/2"]
[WhiteCountry "USA"]
[BlackCountry "NED"]
[WhiteElo "2364"]
[WhiteRD "73"]
[BlackElo "2346"]
[BlackRD "75"]
[GameID "293659"]

1. e4 c5 2. Nc3 Nc6 3. f4 g6 4. Nf3 Bg7 5. Bb5 Nd4 6. O-O Nxb5 7. Nxb5 d6 8. d3 Nf6 9. Nc3 O-O 10. Bd2 b6
11. Qe1 Qd7 12. a3 Bb7 13. Qe2 Rac8 14. Rae1 Rfe8 15. Ng5 h6 16. Nf3 e5 17. fxe5 dxe5 18. a4 Bc6 19. b3 Nh5 20. Nd1 a6
21. Nc3 Nf4 22. Qf2 Ne6 23. Ne2 Nd4 24. Nexd4 cxd4 25. a5 Bb5 26. Rc1 f5 27. exf5 gxf5 28. Nh4 e4 29. Qxf5 e3 30. Qxd7 Bxd7
31. Be1 bxa5 32. Nf5 e2 33. Rf3 Bf8 34. Kf2 Bxf5 35. Rxf5 Ba3 36. Ra1 Bd6 37. Raxa5 Rxc2 38. Rxa6 Bb4 39. Ra1 Rb2 40. g4 Bc3
41. Rc5 Re7 42. h4 Rf7+ 43. Kg2 Kh7 44. Rc8 Rxb3 45. Bxc3 Rxc3 46. Re8 Rxd3 47. Rxe2 Rg7=
1/2-1/2

[Event "2011 SC Site Championship, Semifinal - Group II"]
[Site "SchemingMind.com"]
[Date "2011.09.27"]
[Round "-"]
[White "BishopVesey"]
[Black "Orange Lion"]
[Result "1-0"]
[WhiteCountry "ENG"]
[BlackCountry "NED"]
[WhiteElo "2407"]
[WhiteRD "82"]
[BlackElo "2346"]
[BlackRD "75"]
[GameID "293660"]

1. e4 c5 2. c3 d5 3. exd5 Qxd5 4. d4 g6 5. Nf3 Bg7 6. Na3 Nf6 7. Bc4 Qe4+ 8. Be3 O-O 9. O-O cxd4 10. Bxd4 Nc6
11. Re1 Qf5 12. Nb5 Nxd4 13. cxd4 Qd7 14. Ne5 Qd8 15. Qb3 e6 16. Qa3 Nd5 17. Nd6 Qb6 18. Rad1 Nb4 19. Nexf7 Nc2 20. Qh3 Nxe1
21. Bxe6 Bxe6 22. Qxe6 Bxd4 23. Ng5+ Kh8 24. Qd7 Bg7 25. Ndf7+ Rxf7 26. Nxf7+ Kg8 27. Nd8 Rxd8 28. Qxd8+ Qxd8 29. Rxd8+ Bf8 30. Rd7 a5
31. Kf1 Nc2 32. Rxb7 Nb4 33. a3 Nd3 34. b4 axb4 35. a4
1-0

[Event "2011 SC Site Championship, Semifinal - Group II"]
[Site "SchemingMind.com"]
[Date "2011.09.23"]
[Round "-"]
[White "Chezzdevil"]
[Black "MARISCAL"]
[Result "0-1"]
[WhiteCountry "BEL"]
[BlackCountry "ESP"]
[WhiteElo "2297"]
[WhiteRD "85"]
[BlackElo "2310"]
[BlackRD "67"]
[GameID "293715"]

1. e4 e6 2. d3 d5 3. Nd2 Nf6 4. Ngf3 b6 5. Be2 Bb7 6. e5 Nfd7 7. O-O c5 8. Re1 g5 9. h3 h5 10. Nh2 g4
11. hxg4 hxg4 12. Bxg4 Qg5 13. Ndf3 Qg6 14. Bg5 Nc6 15. Qd2 Bh6 16. Qf4 Bxg5 17. Nxg5 Rg8 18. Ngf3 O-O-O 19. a3 d4 20. c3 dxc3
21. bxc3 Rg7 22. d4 Ne7 23. a4 Nd5 24. Qg3 Rh8 25. a5 Qh7 26. dxc5 bxc5 27. Rac1 f5 28. exf6 N5xf6 29. Ne5 Nxg4 30. Nexg4 Rxg4
31. Qxg4 Qxh2+ 32. Kf1 Bd5 33. c4 Ne5 34. Qg5 Nf3 35. Qg4 Bxc4+ 36. Rxc4 Qh1+ 37. Ke2 Qxe1+ 38. Kxf3 Rf8+ 39. Rf4 Qc3+ 40. Ke2 Rd8
41. Qxe6+ Kb8 42. Qe3 Qc2+
0-1

[Event "2011 SC Site Championship, Semifinal - Group II"]
[Site "SchemingMind.com"]
[Date "2011.09.23"]
[Round "-"]
[White "Chezzdevil"]
[Black "sibelius"]
[Result "1/2-1/2"]
[WhiteCountry "BEL"]
[BlackCountry "USA"]
[WhiteElo "2349"]
[WhiteRD "94"]
[BlackElo "2364"]
[BlackRD "73"]
[GameID "293716"]

1. e4 c5 2. f4 g6 3. Nf3 Bg7 4. c3 Nc6 5. d4 cxd4 6. cxd4 d5 7. e5 Bg4 8. Nc3 e6 9. Be3 Qb6 10. Qd2 Bxf3
11. gxf3 Nh6 12. Bd3 O-O 13. Na4 Qc7 14. Rc1 Qe7 15. Nc5 b6 16. Na4 Nb4 17. Bb1 Rac8 18. Nc3 f6 19. O-O Nc6 20. Kh1 Qd7
21. Rg1 fxe5 22. fxe5 Nf5 23. Bf2 Nce7 24. Ne2 Rxc1 25. Rxc1 Bh6 26. f4 Rc8 27. Bd3 Rxc1+ 28. Qxc1 Qa4 29. a3 Qb3 30. Qc2 Qxc2
31. Bxc2 Nc6 32. Kg2 Kf7 33. Bd3 Na5=
1/2-1/2

[Event "2011 SC Site Championship, Semifinal - Group II"]
[Site "SchemingMind.com"]
[Date "2011.09.26"]
[Round "-"]
[White "Chezzdevil"]
[Black "BishopVesey"]
[Result "1/2-1/2"]
[WhiteCountry "BEL"]
[BlackCountry "ENG"]
[WhiteElo "2349"]
[WhiteRD "98"]
[BlackElo "2409"]
[BlackRD "92"]
[GameID "293717"]

1. e4 e5 2. Nf3 Nc6 3. c3 d5 4. Qa4 Bd7 5. exd5 Nd4 6. Qd1 Nxf3+ 7. Qxf3 Nf6 8. c4 Bc5 9. Nc3 O-O 10. d3 c6
11. dxc6 Bxc6 12. Qg3 Qb6 13. Be2 Rfe8 14. a4 e4 15. O-O Rad8 16. a5 Qb4 17. Bh6 g6 18. dxe4 Nxe4 19. Nxe4 Bxe4 20. Qc3 Qxc3
21. bxc3 Bc6 22. Rfe1 f6=
1/2-1/2

[Event "2011 SC Site Championship, Semifinal - Group II"]
[Site "SchemingMind.com"]
[Date "2011.09.23"]
[Round "-"]
[White "Chezzdevil"]
[Black "PawnPusherPete"]
[Result "1/2-1/2"]
[WhiteCountry "BEL"]
[BlackCountry "ENG"]
[WhiteElo "2297"]
[WhiteRD "85"]
[BlackElo "2294"]
[BlackRD "79"]
[GameID "293718"]

1. e4 c5 2. f4 g6 3. Nf3 Bg7 4. c3 d5 5. exd5 Qxd5 6. Na3 Nf6 7. Bc4 Qe4+ 8. Qe2 O-O 9. d4 Bf5 10. Qxe4 Bxe4
11. dxc5 Bxf3 12. gxf3 Nbd7 13. Be3 Rac8 14. b4 b6 15. Ba6 Rc6 16. Bb7 Re6 17. Kf2 bxc5 18. bxc5 Rxe3 19. Kxe3 Nxc5 20. Rab1 Rd8
21. Be4 Bh6 22. Rhd1 Rc8 23. c4 Nh5 24. Bb7 Bxf4+ 25. Kf2 Rc7 26. Bd5 Bxh2 27. Nb5 Rd7 28. Bc6 Rxd1 29. Rxd1 a6 30. Nc3 Bc7
31. Ne4 Bb6 32. Nxc5 Bxc5+ 33. Kf1 Kg7 34. Bb7 a5 35. Rd5 Bb4 36. a3 Bxa3 37. Rxa5 Bb4 38. Rb5 Ba3 39. Be4 Ng3+ 40. Kf2 Nxe4+
41. fxe4 Kf6 42. Ke3 h5 43. Kd4 h4 44. Ke3 Ke6 45. Kf3 Bd6 46. c5 Bg3 47. Rb7=
1/2-1/2

[Event "2011 SC Site Championship, Semifinal - Group II"]
[Site "SchemingMind.com"]
[Date "2011.09.27"]
[Round "-"]
[White "BishopVesey"]
[Black "Chezzdevil"]
[Result "1/2-1/2"]
[WhiteCountry "ENG"]
[BlackCountry "BEL"]
[WhiteElo "2407"]
[WhiteRD "82"]
[BlackElo "2349"]
[BlackRD "94"]
[GameID "293719"]

1. Nf3 f5 2. g3 g6 3. Bg2 Bg7 4. d4 Nf6 5. c4 O-O 6. O-O d6 7. Nc3 Qe8 8. d5 a5 9. Ne1 e5 10. dxe6 c6
11. Bf4 Qxe6 12. Qxd6 Qxc4 13. Rc1 Qb4 14. Qd2 Be6 15. Nd3 Qe7 16. Rfd1 Nbd7 17. Bg5 Bf7 18. e4 Qe6 19. Re1 fxe4 20. Nxe4 Nxe4
21. Rxe4 Qf5 22. g4 Qb5 23. Re7 Nf6 24. Nc5 Rad8 25. Qf4 Qxb2 26. Rxb7 Qd4 27. Qxd4 Rxd4 28. h3 Bxa2 29. Bxc6 h5 30. Rc2 Rd1+
31. Kg2 Rd6 32. Bxf6 Bxf6 33. Be4 Bd4 34. Rxa2=
1/2-1/2

[Event "2011 SC Site Championship, Semifinal - Group II"]
[Site "SchemingMind.com"]
[Date "2011.09.24"]
[Round "-"]
[White "PawnPusherPete"]
[Black "Chezzdevil"]
[Result "1/2-1/2"]
[WhiteCountry "ENG"]
[BlackCountry "BEL"]
[WhiteElo "2294"]
[WhiteRD "79"]
[BlackElo "2297"]
[BlackRD "85"]
[GameID "293720"]

1. e4 e5 2. Nf3 Nf6 3. d4 Nxe4 4. Bd3 d5 5. Nxe5 Nd7 6. Nxd7 Bxd7 7. O-O Bd6 8. Qh5 Nf6 9. Re1+ Kf8 10. Qe2 c6
11. Nd2 Bg4 12. f3 Bh5 13. Nf1 Bg6 14. Bg5 h6 15. Bh4 Qc7 16. Bxf6 gxf6 17. c3 Kg7 18. Rad1 h5 19. a3 Qd7 20. Qf2 Rae8
21. Bc2 h4 22. Rxe8 Rxe8 23. Bxg6 fxg6 24. Qxh4 Qe7 25. Qf2 Bf4 26. g3 Bh6 27. Kg2 Qe2 28. Rb1 Kf7 29. g4 Qd3 30. Re1 Rxe1
31. Qxe1 Qc2+ 32. Qf2 Qxf2+ 33. Kxf2 Bc1 34. b3 Bxa3 35. Ke2 g5 36. Ne3 Bd6 37. h3 Ke6 38. Kd3 a5 39. Nf5 b5 40. h4 gxh4
41. Nxh4 c5 42. dxc5 Bxc5 43. Nf5 Bf2 44. Kc2 Ke5 45. Ne7 a4 46. f4+ Kxf4=
1/2-1/2

[Event "2011 SC Site Championship, Semifinal - Group II"]
[Site "SchemingMind.com"]
[Date "2011.09.23"]
[Round "-"]
[White "MARISCAL"]
[Black "Chezzdevil"]
[Result "1/2-1/2"]
[WhiteCountry "ESP"]
[BlackCountry "BEL"]
[WhiteElo "2318"]
[WhiteRD "74"]
[BlackElo "2349"]
[BlackRD "94"]
[GameID "293722"]

1. e4 e5 2. Nf3 Nf6 3. Nc3 Nc6 4. d4 exd4 5. Nxd4 Bb4 6. Nxc6 bxc6 7. Bd3 d5 8. e5 Ng4 9. Bf4 d4 10. Qf3 g5
11. Bg3 dxc3 12. O-O cxb2 13. Rad1 Kf8 14. Bf5 Qe7 15. Bxg4 Bxg4 16. Qxg4 Rb8 17. e6 Bc3 18. Qf3 Qf6 19. Qxc6 Kg7 20. h4 h6
21. Bxc7 Rbe8 22. Rd3 Bd4 23. Rxd4 Qxd4 24. Qd7 Qxd7 25. exd7 Rd8 26. Bxd8 Rxd8 27. hxg5 hxg5 28. Rb1 f5 29. Rxb2 Rxd7 30. Kf1 Kf6
31. Ke2 Re7+=
1/2-1/2

[Event "2011 SC Site Championship, Semifinal - Group II"]
[Site "SchemingMind.com"]
[Date "2011.09.24"]
[Round "-"]
[White "sibelius"]
[Black "Chezzdevil"]
[Result "1-0"]
[WhiteCountry "USA"]
[BlackCountry "BEL"]
[WhiteElo "2370"]
[WhiteRD "78"]
[BlackElo "2349"]
[BlackRD "98"]
[GameID "293723"]

1. e4 e5 2. Nf3 Nf6 3. Nxe5 d6 4. Nf3 Nxe4 5. Nc3 Nxc3 6. dxc3 Be7 7. Be3 Nc6 8. Bd3 Bg4 9. h3 Be6 10. O-O O-O
11. Nd4 Nxd4 12. cxd4 Qd7 13. Qf3 c6 14. c3 f5 15. Bf4 Bd5 16. Qg3 Rf6 17. Qe3 Rg6 18. g3 Rf8 19. Rae1 Re6 20. Qd2 Rxe1
21. Rxe1 Bxa2 22. Ra1 Bd5 23. Rxa7 Bf6 24. b3 Bxb3 25. Qb2 Bd5 26. Qxb7 Qe6 27. Qb1 Qe1+ 28. Qxe1
1-0